00597nam a2200181Ia 4500003000900000008004100009040001600050080001800066100002500084245014900109260003000258300001500288490004700303650001300350650002200363650001100385650001900396IN-BaIIA211028s9999 xx 000 0 eng d cIIA Library a621.94bHOL-4 aHoltzapffel, Chalres 0aTurning and mechanical manipulationbvol. IV, the practice of hand or simple turingcCharles Holtzapffel  aLondonbHoltzapffelc1897 axix, 592p. aTurning and mechanical manipulation; v. IV aArchives aGrinding machines aLathes aNASA Thesaurus